000 00701cam a2200229 4500500
005 20260329005145.0
041 _afre
042 _adc
100 1 0 _aLacroix, Alexandre
_eauthor
245 0 0 _aAdèle Van Reeth-Frédéric Worms : sous le règne des philosophes ?
260 _c2022.
500 _a76
690 _aAdèle Van Reeth
690 _aDécision
690 _aÉcole
690 _aFrédéric Worms
690 _aGouvernance
690 _aRadio
690 _aResponsabilité
786 0 _nPhilosophie magazine | 163 | 10 | 2022-10-01 | p. 18-20 | 1951-1787
856 4 1 _uhttps://shs.cairn.info/magazine-philosophie-magazine-2022-10-page-18?lang=fr&redirect-ssocas=7080
999 _c1840811
_d1840811